[Event "24. European Club Cup 2008"]
[Site "Kallithea GRE"]
[Date "2008.10.21"]
[Round "5.20"]
[White "Livner, Anders"]
[Black "Akhayan, Ruben"]
[Result "1/2-1/2"]
[WhiteElo "2315"]
[BlackElo "2262"]
[PlyCount "155"]
[EventDate "2008.10.17"]
[EventType "team-swiss"]
[EventRounds "7"]
[EventCountry "GRE"]
[Source "lmi"]
[SourceDate "2008.10.17"]
[WhiteTeam "Rockaden"]
[BlackTeam "Charleroi"]

1. d4 Nf6 2. c4 g6 3. g3 c6 4. Bg2 d5 5. Nf3 Bg7 6. Qb3 O-O 7. Nc3 Qb6 8. O-O
Rd8 9. c5 Qxb3 10. axb3 Na6 11. Bf4 Bf5 12. h3 Nd7 13. Nxd5 cxd5 14. c6 bxc6
15. Rxa6 c5 16. Be3 Be4 17. Rd1 cxd4 18. Bxd4 Bxd4 19. Nxd4 Bxg2 20. Kxg2 Rdc8
21. Nc6 Kf8 22. Rxd5 Nb8 23. Nxb8 Rcxb8 24. Ra3 Rb7 25. Rda5 h5 26. h4 Kg7 27.
Kf1 e6 28. Ke1 Kf6 29. R5a4 Kg7 30. Rd4 Rab8 31. Rd3 Rc8 32. Kd2 Rbc7 33. Rc3
Rd7+ 34. Kc2 Rcd8 35. Rd3 Rc7+ 36. Kb1 Rdc8 37. Rd2 Rb7 38. Ka2 Rcc7 39. Ra4
Rc1 40. Rc4 Rf1 41. e3 Kf6 42. Rf4+ Ke7 43. Rc4 Kf6 44. Rdc2 Ke5 45. b4 Kd6 46.
Kb3 Ra1 47. Rd2+ Ke7 48. Rdc2 Kd7 49. Rc5 Kd6 50. Rc6+ Kd7 51. Rc1 Rxc1 52.
Rxc1 Kd6 53. Ka4 Kd5 54. b3 Ke4 55. Rc4+ Kd3 56. Rf4 f5 57. Rc4 Ke2 58. Rc2+
Kf3 59. b5 e5 60. Ka5 f4 61. exf4 exf4 62. gxf4 Kxf4 63. Rc6 Kg4 64. Rxg6+ Kxh4
65. b4 Kh3 66. Rf6 h4 67. Ka6 Rg7 68. b6 axb6 69. Kxb6 Kg2 70. Rh6 h3 71. b5
Rf7 72. Kc6 Rxf2 73. b6 Rc2+ 74. Kd7 Rb2 75. Kc7 h2 76. Rxh2+ Kxh2 77. b7 Rxb7+
78. Kxb7 1/2-1/2

[Event "24. European Club Cup 2008"]
[Site "Kallithea GRE"]
[Date "2008.10.21"]
[Round "5.20"]
[White "Israel, Gregory"]
[Black "Lissang, Christopher"]
[Result "1-0"]
[WhiteElo "2159"]
[BlackElo "2215"]
[PlyCount "60"]
[EventDate "2008.10.17"]
[EventType "team-swiss"]
[EventRounds "7"]
[EventCountry "GRE"]
[Source "lmi"]
[SourceDate "2008.10.17"]
[WhiteTeam "Charleroi"]
[BlackTeam "Rockaden"]

1. d4 d5 2. Nf3 Nf6 3. Bf4 e6 4. e3 c5 5. c3 Nc6 6. Nbd2 Bd6 7. Bxd6 Qxd6 8.
Bd3 O-O 9. O-O e5 10. dxe5 Nxe5 11. Nxe5 Qxe5 12. Re1 Be6 13. e4 Rfd8 14. Nf3
Qh5 15. e5 Nd7 16. Qd2 h6 17. Qf4 Qg4 18. Qe3 Qa4 19. b3 Qc6 20. Nh4 d4 21.
cxd4 cxd4 22. Qg3 Nc5 23. Rac1 Qb6 24. Rcd1 Nxd3 25. Rxd3 Rac8 26. f4 Rc2 27.
Kh1 Bd5 28. f5 Qc6 29. Nf3 Be4 30. f6 Bg6 1-0

[Event "24. European Club Cup 2008"]
[Site "Kallithea GRE"]
[Date "2008.10.21"]
[Round "5.21"]
[White "Makoli, Perparim"]
[Black "Sorensen, Jan"]
[Result "0-1"]
[WhiteElo "2215"]
[BlackElo "2416"]
[PlyCount "58"]
[EventDate "2008.10.17"]
[EventType "team-swiss"]
[EventRounds "7"]
[EventCountry "GRE"]
[Source "lmi"]
[SourceDate "2008.10.17"]
[WhiteTeam "Istog"]
[BlackTeam "Aarhus"]

1. e4 e6 2. d4 d5 3. Nc3 Nc6 4. Nf3 Nf6 5. e5 Ne4 6. Bd3 Bb4 7. Bd2 Nxd2 8.
Qxd2 Bd7 9. a3 Be7 10. Ne2 f6 11. Ng3 fxe5 12. dxe5 O-O 13. O-O Rxf3 14. gxf3
Nxe5 15. Kg2 Bd6 16. f4 Nxd3 17. cxd3 Qh4 18. f5 exf5 19. f4 d4 20. Rf2 Bc6+
21. Kg1 Rf8 22. b4 Kh8 23. Raf1 Rf6 24. Re2 Rg6 25. Qe1 h5 26. Re6 Rg4 27. Rxd6
cxd6 28. b5 Bd5 29. Qf2 Qh3 0-1

[Event "24. European Club Cup 2008"]
[Site "Kallithea GRE"]
[Date "2008.10.21"]
[Round "5.21"]
[White "Jelling, Erik"]
[Black "Salihu, Sami"]
[Result "1/2-1/2"]
[WhiteElo "2382"]
[BlackElo "2216"]
[PlyCount "87"]
[EventDate "2008.10.17"]
[EventType "team-swiss"]
[EventRounds "7"]
[EventCountry "GRE"]
[Source "lmi"]
[SourceDate "2008.10.17"]
[WhiteTeam "Aarhus"]
[BlackTeam "Istog"]

1. d4 d5 2. Nf3 c5 3. c3 Nc6 4. dxc5 e5 5. b4 a6 6. e3 Be6 7. Qa4 Bd7 8. Qc2 g5
9. h3 e4 10. Nd4 Nge7 11. Bb2 Bg7 12. a3 Nxd4 13. cxd4 f5 14. Nc3 O-O 15. O-O-O
f4 16. Re1 fxe3 17. fxe3 Bc6 18. Qb3 Kh8 19. a4 Be8 20. Be2 Rf2 21. Rhg1 h5 22.
Ref1 Rf6 23. Rxf6 Bxf6 24. Rf1 Kg7 25. b5 axb5 26. axb5 Bf7 27. Qd1 Qh8 28.
Nxe4 dxe4 29. Rxf6 Nd5 30. Rd6 Qe8 31. Qf1 Rd8 32. Qf5 Rxd6 33. cxd6 Qd8 34.
Qe5+ Kh6 35. Qxe4 Qxd6 36. Bd3 Kg7 37. Qh7+ Kf8 38. Qh8+ Ke7 39. e4 Qf4+ 40.
Kb1 Qd2 41. Qe5+ Kf8 42. Qh8+ Ke7 43. Qe5+ Kf8 44. Qh8+ 1/2-1/2

[Event "24. European Club Cup 2008"]
[Site "Kallithea GRE"]
[Date "2008.10.21"]
[Round "5.22"]
[White "Lagerman, Robert"]
[Black "Pileckis, Emilis"]
[Result "1-0"]
[WhiteElo "2363"]
[BlackElo "2472"]
[PlyCount "75"]
[EventDate "2008.10.17"]
[EventType "team-swiss"]
[EventRounds "7"]
[EventCountry "GRE"]
[Source "lmi"]
[SourceDate "2008.10.17"]
[WhiteTeam "Hellir"]
[BlackTeam "Panevezys"]

1. e4 c5 2. Nf3 Nc6 3. d4 cxd4 4. Nxd4 Nf6 5. Nc3 e5 6. Ndb5 d6 7. Nd5 Nxd5 8.
exd5 Nb8 9. c4 Be7 10. Be2 O-O 11. O-O a6 12. Nc3 Bf5 13. Kh1 Bg6 14. f4 exf4
15. Bxf4 Nd7 16. Qd2 Rc8 17. Rac1 Ne5 18. Na4 Be4 19. Qd4 f5 20. Nc3 Ng6 21.
Nxe4 fxe4 22. Bg3 Bg5 23. Rxf8+ Qxf8 24. Rf1 Qe7 25. Qb6 Rd8 26. c5 dxc5 27. d6
Qd7 28. Qxc5 Bf6 29. Qd5+ Kh8 30. Qxe4 Re8 31. Qg4 Qc6 32. Bf3 Qb5 33. Rd1 Ne5
34. Qf5 Nxf3 35. Qxb5 axb5 36. gxf3 Bd8 37. d7 Rf8 38. Bd6 1-0

[Event "24. European Club Cup 2008"]
[Site "Kallithea GRE"]
[Date "2008.10.21"]
[Round "5.22"]
[White "Beinoras, Mindaugas"]
[Black "Johannesson, Ingvar Thor"]
[Result "1-0"]
[WhiteElo "2434"]
[BlackElo "2355"]
[PlyCount "75"]
[EventDate "2008.10.17"]
[EventType "team-swiss"]
[EventRounds "7"]
[EventCountry "GRE"]
[Source "lmi"]
[SourceDate "2008.10.17"]
[WhiteTeam "Panevezys"]
[BlackTeam "Hellir"]

1. d4 Nf6 2. c4 c5 3. d5 e6 4. Nc3 exd5 5. cxd5 d6 6. e4 g6 7. h3 Bg7 8. Nf3 a6
9. a4 Nbd7 10. Bd3 Nh5 11. O-O Ne5 12. Be2 Nxf3+ 13. Bxf3 Qh4 14. Be3 Be5 15.
Re1 Nf4 16. g3 Nxh3+ 17. Kg2 Qd8 18. Bg4 Ng5 19. Bd2 Bf6 20. f4 Bxg4 21. Qxg4
h5 22. Qe2 Nh7 23. e5 dxe5 24. fxe5 Bg7 25. e6 f5 26. Rad1 Bd4 27. Bf4 Nf6 28.
Be5 Rh7 29. d6 Ng4 30. d7+ Kf8 31. Bxd4 cxd4 32. Rxd4 h4 33. Nd5 h3+ 34. Kh1
Re7 35. Rxg4 fxg4 36. Rf1+ Kg8 37. Qe5 Rg7 38. e7 1-0

[Event "24. European Club Cup 2008"]
[Site "Kallithea GRE"]
[Date "2008.10.21"]
[Round "5.22"]
[White "Bjornsson, Sigurbjorn"]
[Black "Starostits, Ilmars"]
[Result "0-1"]
[WhiteElo "2323"]
[BlackElo "2480"]
[PlyCount "76"]
[EventDate "2008.10.17"]
[EventType "team-swiss"]
[EventRounds "7"]
[EventCountry "GRE"]
[Source "lmi"]
[SourceDate "2008.10.17"]
[WhiteTeam "Hellir"]
[BlackTeam "Panevezys"]

1. e4 c6 2. d4 d5 3. Nd2 dxe4 4. Nxe4 Bf5 5. Ng3 Bg6 6. h4 h6 7. Nf3 e6 8. h5
Bh7 9. Bd3 Bxd3 10. Qxd3 Nf6 11. Bd2 c5 12. Ne4 Nc6 13. Nxc5 Bxc5 14. dxc5 Qxd3
15. cxd3 O-O-O 16. Ke2 Rd5 17. b4 Rhd8 18. b5 Nd4+ 19. Nxd4 Rxd4 20. Be3 Rxd3
21. c6 Ne4 22. cxb7+ Kxb7 23. a4 f5 24. Rhc1 e5 25. g3 Nc3+ 26. Kf1 R8d5 27.
Ra3 Ne4 28. Rxd3 Rxd3 29. a5 Nxg3+ 30. Kg2 Nxh5 31. a6+ Kb8 32. Bxa7+ Kxa7 33.
Rc7+ Kb6 34. Rb7+ Kc5 35. a7 Nf4+ 36. Kh2 Rh3+ 37. Kg1 Ra3 38. b6 Nd5 0-1

[Event "24. European Club Cup 2008"]
[Site "Kallithea GRE"]
[Date "2008.10.21"]
[Round "5.22"]
[White "Zickus, Simonas"]
[Black "Gretarsson, Hjorvar Steinn"]
[Result "1/2-1/2"]
[WhiteElo "2315"]
[BlackElo "2284"]
[PlyCount "52"]
[EventDate "2008.10.17"]
[EventType "team-swiss"]
[EventRounds "7"]
[EventCountry "GRE"]
[Source "lmi"]
[SourceDate "2008.10.17"]
[WhiteTeam "Panevezys"]
[BlackTeam "Hellir"]

1. Nf3 Nf6 2. c4 e6 3. g3 d5 4. Bg2 Be7 5. O-O O-O 6. b3 b6 7. cxd5 exd5 8. d4
Bb7 9. Nc3 Nbd7 10. Bb2 Re8 11. Rc1 a6 12. Ne5 Bd6 13. Nc4 Bf8 14. Ne3 c6 15.
Nc2 g6 16. Ba3 Bg7 17. Ne1 a5 18. Nd3 Ne4 19. Nf4 b5 20. Bb2 Nd6 21. e3 f5 22.
Nd3 Qe7 23. Qc2 Ne4 24. Nb1 Rac8 25. Rfd1 Qf7 26. Nd2 Nxd2 1/2-1/2

[Event "24. European Club Cup 2008"]
[Site "Kallithea GRE"]
[Date "2008.10.21"]
[Round "5.23"]
[White "Ansell, Simon T"]
[Black "De Jong, Jan-Willem"]
[Result "1/2-1/2"]
[WhiteElo "2410"]
[BlackElo "2479"]
[PlyCount "87"]
[EventDate "2008.10.17"]
[EventType "team-swiss"]
[EventRounds "7"]
[EventCountry "GRE"]
[Source "lmi"]
[SourceDate "2008.10.17"]
[WhiteTeam "Betsson"]
[BlackTeam "Calder"]

1. e4 e5 2. Nf3 Nc6 3. d4 exd4 4. Nxd4 Nf6 5. Nxc6 bxc6 6. e5 Qe7 7. Qe2 Nd5 8.
c4 Nb6 9. Nc3 Qe6 10. Bd2 a5 11. Qe4 g6 12. Bd3 Bg7 13. O-O O-O 14. Rae1 d5 15.
exd6 Qxd6 16. Bf4 Qc5 17. Be3 Qf5 18. Bxb6 cxb6 19. Qxc6 Bb7 20. Qxb7 Qxd3 21.
Qe4 Qxe4 22. Rxe4 Bxc3 23. bxc3 Rac8 24. Rd1 Rc7 25. h4 Rfc8 26. Rdd4 f5 27.
Rf4 Re8 28. h5 Kg7 29. hxg6 hxg6 30. g4 Kf6 31. gxf5 gxf5 32. Rd5 Re5 33. Rxe5
Kxe5 34. Rd4 Rg7+ 35. Kf1 Rh7 36. Ke2 Rh3 37. Rd5+ Ke4 38. f3+ Kf4 39. Rd4+ Kg3
40. Ke3 Rh6 41. f4 Rc6 42. Kd3 Kf3 43. Kc2 Ke3 44. Kb3 1/2-1/2

[Event "24. European Club Cup 2008"]
[Site "Kallithea GRE"]
[Date "2008.10.21"]
[Round "5.23"]
[White "Abeln, Michiel"]
[Black "Webb, Laurence E"]
[Result "0-1"]
[WhiteElo "2329"]
[BlackElo "2347"]
[PlyCount "88"]
[EventDate "2008.10.17"]
[EventType "team-swiss"]
[EventRounds "7"]
[EventCountry "GRE"]
[Source "lmi"]
[SourceDate "2008.10.17"]
[WhiteTeam "Calder"]
[BlackTeam "Betsson"]

1. d4 Nf6 2. c4 c5 3. d5 e5 4. Nc3 d6 5. g3 Be7 6. Bg2 O-O 7. e4 Ne8 8. h4 f5
9. Nh3 h6 10. Qc2 Na6 11. a3 f4 12. gxf4 Bxh4 13. f5 Nac7 14. Qe2 Nf6 15. Ng1
Nh7 16. Qg4 Bg5 17. Nf3 Bxc1 18. Rxc1 Qf6 19. Bf1 Bd7 20. Rg1 a6 21. Ne2 b5 22.
Ng3 Ne8 23. Rc2 bxc4 24. Bxc4 Bb5 25. Ba2 Rb8 26. Nh5 Qf7 27. b4 cxb4 28. axb4
Nhf6 29. Nxf6+ Nxf6 30. Qh4 Rfc8 31. Rxc8+ Rxc8 32. Qxh6 Qc7 33. Bb3 Qc1+ 34.
Qxc1 Rxc1+ 35. Kd2 Rxg1 36. Nxg1 Nxe4+ 37. Ke3 Nf6 38. f4 Kf7 39. fxe5 Ng4+ 40.
Kf4 Nxe5 41. Bc2 Bd3 42. Bxd3 Nxd3+ 43. Ke4 Nxb4 44. Kd4 Kf6 0-1

[Event "24. European Club Cup 2008"]
[Site "Kallithea GRE"]
[Date "2008.10.21"]
[Round "5.23"]
[White "Muhren, Bianca"]
[Black "Duncan, Chris"]
[Result "0-1"]
[WhiteElo "2278"]
[BlackElo "2294"]
[PlyCount "100"]
[EventDate "2008.10.17"]
[EventType "team-swiss"]
[EventRounds "7"]
[EventCountry "GRE"]
[Source "lmi"]
[SourceDate "2008.10.17"]
[WhiteTeam "Calder"]
[BlackTeam "Betsson"]

1. e4 c5 2. c3 d5 3. exd5 Qxd5 4. d4 Nf6 5. Nf3 e6 6. Be2 Nc6 7. O-O cxd4 8.
cxd4 Be7 9. Nc3 Qd6 10. Nb5 Qd8 11. Bf4 Nd5 12. Bg3 O-O 13. Bc4 a6 14. Bxd5
exd5 15. Nc7 Rb8 16. Ne5 Bf5 17. Rc1 Nb4 18. a3 Bd6 19. axb4 Bxc7 20. Qb3 Rc8
21. Rc5 Be6 22. Rfc1 Bb6 23. Rxc8 Bxc8 24. Qc3 Bf5 25. h3 Qe7 26. Qd2 f6 27.
Nf3 Be4 28. Qc3 Bxf3 29. Qxf3 Qe4 30. Qxe4 dxe4 31. d5 Rd8 32. d6 Kf7 33. Kf1
Ke6 34. Ke2 f5 35. Bf4 Bd4 36. Rc2 Rd7 37. Rc8 Bxb2 38. Re8+ Kd5 39. h4 Bc3 40.
Rf8 g6 41. h5 Bxb4 42. h6 Bxd6 43. Bxd6 Kxd6 44. Ke3 Ke5 45. f4+ Kd5 46. Ra8
Kc5 47. Rc8+ Kb6 48. Ra8 a5 49. g4 fxg4 50. Kxe4 Re7+ 0-1

[Event "24. European Club Cup 2008"]
[Site "Kallithea GRE"]
[Date "2008.10.21"]
[Round "5.23"]
[White "Ledger, Dave J"]
[Black "Muhren, Willem"]
[Result "1-0"]
[WhiteElo "2254"]
[BlackElo "2222"]
[PlyCount "61"]
[EventDate "2008.10.17"]
[EventType "team-swiss"]
[EventRounds "7"]
[EventCountry "GRE"]
[Source "lmi"]
[SourceDate "2008.10.17"]
[WhiteTeam "Betsson"]
[BlackTeam "Calder"]

1. e4 d6 2. d4 Nf6 3. Nc3 g6 4. f4 Bg7 5. Nf3 O-O 6. Bd3 Nc6 7. e5 dxe5 8. fxe5
Nd7 9. Be3 Nb4 10. Be4 c5 11. a3 Nc6 12. e6 fxe6 13. O-O cxd4 14. Nxd4 Nxd4 15.
Bxd4 e5 16. Be3 Nf6 17. Qxd8 Rxd8 18. Rad1 Rf8 19. Nd5 Bg4 20. Bf3 e4 21. Nxf6+
exf6 22. Bxg4 f5 23. Be2 Bxb2 24. Rd7 b6 25. Bc4+ Kh8 26. a4 Rfd8 27. Rfd1 Rxd7
28. Rxd7 Bf6 29. Bd5 Rd8 30. Rxd8+ Bxd8 31. Bd4+ 1-0

[Event "24. European Club Cup 2008"]
[Site "Kallithea GRE"]
[Date "2008.10.21"]
[Round "5.23"]
[White "Huizer, Mark"]
[Black "Ledger, Stephen C"]
[Result "1/2-1/2"]
[WhiteElo "2195"]
[BlackElo "2151"]
[PlyCount "52"]
[EventDate "2008.10.17"]
[EventType "team-swiss"]
[EventRounds "7"]
[EventCountry "GRE"]
[Source "lmi"]
[SourceDate "2008.10.17"]
[WhiteTeam "Calder"]
[BlackTeam "Betsson"]

1. Nf3 d5 2. d4 Bf5 3. Bf4 e6 4. e3 Bd6 5. Bd3 Bxf4 6. exf4 Ne7 7. O-O c6 8.
Nh4 Bxd3 9. Qxd3 Ng6 10. Nxg6 hxg6 11. g3 Nd7 12. Nd2 Qf6 13. Nf3 Qf5 14. Qxf5
gxf5 15. Rfe1 O-O 16. Re3 Rfc8 17. a4 c5 18. dxc5 Rxc5 19. Nd4 a6 20. Kf1 Rc4
21. c3 Rac8 22. Ke2 g6 23. h4 Kg7 24. Nb3 Nc5 25. Nxc5 R4xc5 26. Rd3 Rc4
1/2-1/2

[Event "24. European Club Cup 2008"]
[Site "Kallithea GRE"]
[Date "2008.10.21"]
[Round "5.24"]
[White "Kveinys, Aloyzas"]
[Black "Pilgaard, Kim"]
[Result "1/2-1/2"]
[WhiteElo "2533"]
[BlackElo "2438"]
[PlyCount "83"]
[EventDate "2008.10.17"]
[EventType "team-swiss"]
[EventRounds "7"]
[EventCountry "GRE"]
[Source "lmi"]
[SourceDate "2008.10.17"]
[WhiteTeam "Vilnius"]
[BlackTeam "Bronshoj"]

1. d4 d5 2. Nf3 Nf6 3. c4 e6 4. g3 dxc4 5. Bg2 a6 6. Ne5 c5 7. Na3 cxd4 8.
Naxc4 Bc5 9. Bd2 Nd5 10. Rc1 O-O 11. O-O b6 12. Qb3 Nd7 13. Rfd1 Qc7 14. Nf3
Bb7 15. Qd3 Rad8 16. b4 Nxb4 17. Bxb4 Bxb4 18. Ng5 Nf6 19. Na5 Qe5 20. Nxb7
Qxg5 21. Nxd8 Rxd8 22. Qxa6 Bc5 23. Qd3 e5 24. a4 Re8 25. Be4 Nxe4 26. Qxe4 Qe7
27. Rc4 Qd7 28. Qc2 Ra8 29. Rc1 Qd5 30. Qb3 h5 31. Qb5 e4 32. Rxc5 bxc5 33.
Rxc5 Qa2 34. Qc6 Qxa4 35. Qxe4 g6 36. Rc7 Re8 37. Qd5 Qa1+ 38. Kg2 Qa8 39. Rb7
Re7 40. Rd7 Qxd5+ 41. Rxd5 Rxe2 42. Rxd4 1/2-1/2

[Event "24. European Club Cup 2008"]
[Site "Kallithea GRE"]
[Date "2008.10.21"]
[Round "5.24"]
[White "Dambrauskas, Virginijus"]
[Black "Christensen, Esben"]
[Result "1/2-1/2"]
[WhiteElo "2338"]
[BlackElo "2038"]
[PlyCount "89"]
[EventDate "2008.10.17"]
[EventType "team-swiss"]
[EventRounds "7"]
[EventCountry "GRE"]
[Source "lmi"]
[SourceDate "2008.10.17"]
[WhiteTeam "Vilnius"]
[BlackTeam "Bronshoj"]

1. d4 Nf6 2. Nf3 g6 3. Bf4 Bg7 4. c3 O-O 5. Nbd2 d5 6. h3 Nbd7 7. e3 c5 8. Be2
b6 9. b4 Re8 10. O-O h6 11. Ne5 Nxe5 12. Bxe5 Bd7 13. Bf3 e6 14. c4 cxd4 15.
exd4 Rc8 16. c5 Nh7 17. Bxg7 Kxg7 18. Be2 e5 19. Ba6 Rc7 20. cxb6 axb6 21. dxe5
Rxe5 22. Nf3 Re4 23. Qxd5 Rxb4 24. Qd6 Rc5 25. Ne5 Qc7 26. Qd2 Bb5 27. Qxb4
Bxf1 28. Bxf1 Rxe5 29. Qb2 Nf6 30. Rb1 Re6 31. Rc1 Rc6 32. Rxc6 Qxc6 33. Be2 h5
34. Bf3 Qe6 35. a4 Kh7 36. Qd4 Kg8 37. Kf1 Kh7 38. Qe3 Qc4+ 39. Kg1 Qxa4 40.
Qxb6 Qa1+ 41. Kh2 Qe5+ 42. Kg1 Qe1+ 43. Kh2 Qe5+ 44. Kg1 Qe1+ 45. Kh2 1/2-1/2

[Event "24. European Club Cup 2008"]
[Site "Kallithea GRE"]
[Date "2008.10.21"]
[Round "5.25"]
[White "Jones, Richard S"]
[Black "Agopov, Mikael"]
[Result "1/2-1/2"]
[WhiteElo "2307"]
[BlackElo "2449"]
[PlyCount "71"]
[EventDate "2008.10.17"]
[EventType "team-swiss"]
[EventRounds "7"]
[EventCountry "GRE"]
[Source "lmi"]
[SourceDate "2008.10.17"]
[WhiteTeam "Nidum"]
[BlackTeam "Matinkylaen"]

1. e4 e5 2. Nf3 Nc6 3. Bb5 a6 4. Ba4 Nf6 5. O-O Be7 6. Re1 b5 7. Bb3 d6 8. c3
O-O 9. h3 Na5 10. Bc2 d5 11. d4 dxe4 12. Nxe5 Bb7 13. Be3 Bd6 14. Nd2 c5 15.
Bg5 cxd4 16. cxd4 Re8 17. Nxe4 Bxe5 18. dxe5 Qxd1 19. Raxd1 Nxe4 20. Bxe4 Bxe4
21. Rxe4 Nc4 22. b3 Nxe5 23. Rde1 f6 24. f4 fxg5 25. fxe5 Kf7 26. a4 bxa4 27.
Rxa4 Ke6 28. b4 Reb8 29. Kf2 Rb6 30. Kg3 Rc8 31. Rea1 Rc3+ 32. Kh2 Rcc6 33. Ra5
Rxb4 34. Rxa6 Rxa6 35. Rxa6+ Kxe5 36. Ra7 1/2-1/2

[Event "24. European Club Cup 2008"]
[Site "Kallithea GRE"]
[Date "2008.10.21"]
[Round "5.25"]
[White "Young, A."]
[Black "Maki-Uuro, Miikka"]
[Result "1/2-1/2"]
[WhiteElo "2002"]
[BlackElo "2382"]
[PlyCount "37"]
[EventDate "2008.10.17"]
[EventType "team-swiss"]
[EventRounds "7"]
[EventCountry "GRE"]
[Source "lmi"]
[SourceDate "2008.10.17"]
[WhiteTeam "Nidum"]
[BlackTeam "Matinkylaen"]

1. e4 e6 2. d4 d5 3. Nc3 Nf6 4. Bg5 Be7 5. e5 Nfd7 6. h4 O-O 7. Qh5 c5 8. Bd3
g6 9. Qh6 cxd4 10. Nf3 Nxe5 11. Nxe5 dxc3 12. Nxg6 fxg6 13. Bxg6 hxg6 14. Qxg6+
Kh8 15. Rh3 cxb2 16. Rb1 Qb6 17. Be3 Qb4+ 18. Kf1 Bd6 19. Qh6+ 1/2-1/2

[Event "24. European Club Cup 2008"]
[Site "Kallithea GRE"]
[Date "2008.10.21"]
[Round "5.26"]
[White "Van Der Werf, Mark"]
[Black "Rouchouse, Stevens"]
[Result "1-0"]
[WhiteElo "2414"]
[BlackElo "2204"]
[PlyCount "63"]
[EventDate "2008.10.17"]
[EventType "team-swiss"]
[EventRounds "7"]
[EventCountry "GRE"]
[Source "lmi"]
[SourceDate "2008.10.17"]
[WhiteTeam "LSG"]
[BlackTeam "Monaco"]
[BlackTeamCountry "MNC"]

1. Nf3 Nf6 2. c4 g6 3. Nc3 Bg7 4. e4 d6 5. d4 O-O 6. Be2 c5 7. O-O cxd4 8. Nxd4
Nc6 9. Be3 Nxd4 10. Bxd4 b6 11. Qd2 Bb7 12. f3 Rc8 13. Rac1 Qc7 14. Rfd1 Qb8
15. Bf1 Bc6 16. Be3 Rfd8 17. b3 Qb7 18. Qf2 Rd7 19. Nd5 Qa8 20. Nc3 Qb7 21. a4
e6 22. b4 Qa8 23. Bd4 Rcd8 24. b5 Bb7 25. Ra1 d5 26. cxd5 exd5 27. e5 Nh5 28.
f4 Bh6 29. f5 Qc8 30. Qh4 Rc7 31. Ne2 Qxf5 32. Qxd8+ 1-0

[Event "24. European Club Cup 2008"]
[Site "Kallithea GRE"]
[Date "2008.10.21"]
[Round "5.26"]
[White "Ribbegren, Karl Johan"]
[Black "Middelburg, Tom"]
[Result "0-1"]
[WhiteElo "2067"]
[BlackElo "2388"]
[PlyCount "46"]
[EventDate "2008.10.17"]
[EventType "team-swiss"]
[EventRounds "7"]
[EventCountry "GRE"]
[Source "lmi"]
[SourceDate "2008.10.17"]
[WhiteTeam "Monaco"]
[BlackTeam "LSG"]
[WhiteTeamCountry "MNC"]

1. e4 c5 2. Nc3 Nc6 3. f4 e6 4. Bb5 Nf6 5. d3 a6 6. Bc4 b5 7. Bb3 a5 8. a3 Bb7
9. Ba2 Qb6 10. Nf3 Ne7 11. O-O g6 12. a4 b4 13. Nd4 cxd4 14. Nb5 Ba6 15. f5
gxf5 16. exf5 O-O-O 17. fxe6 fxe6 18. Bf4 Bxb5 19. axb5 Ng6 20. Bg3 Bd6 21.
Bxd6 Qxd6 22. Qf3 Kc7 23. Bc4 Rdf8 0-1

[Event "24. European Club Cup 2008"]
[Site "Kallithea GRE"]
[Date "2008.10.21"]
[Round "5.26"]
[White "Botto, Julien"]
[Black "Van Wessel, Rudy"]
[Result "1/2-1/2"]
[WhiteElo "1907"]
[BlackElo "2307"]
[PlyCount "57"]
[EventDate "2008.10.17"]
[EventType "team-swiss"]
[EventRounds "7"]
[EventCountry "GRE"]
[Source "lmi"]
[SourceDate "2008.10.17"]
[WhiteTeam "Monaco"]
[BlackTeam "LSG"]
[WhiteTeamCountry "MNC"]

1. e4 e5 2. Nf3 Nc6 3. d4 exd4 4. Bc4 Nf6 5. O-O Nxe4 6. Re1 d5 7. Bxd5 Qxd5 8.
Nc3 Qa5 9. Nxe4 Be6 10. Neg5 O-O-O 11. Nxe6 fxe6 12. Rxe6 h6 13. Bd2 Qb5 14. b3
Ba3 15. Qe2 Qxe2 16. Rxe2 Rhf8 17. Rae1 Rf5 18. c3 Bb2 19. cxd4 Rxf3 20. gxf3
Nxd4 21. Re3 Nc2 22. R1e2 Nxe3 23. fxe3 Bf6 24. e4 Bd4+ 25. Kg2 c5 26. f4 Rd6
27. Kf3 Rd7 28. Be3 Bxe3 29. Kxe3 1/2-1/2

[Event "24. European Club Cup 2008"]
[Site "Kallithea GRE"]
[Date "2008.10.21"]
[Round "5.26"]
[White "Van Ketel, Raoul"]
[Black "Rapaire, Jean-Michel"]
[Result "1-0"]
[WhiteElo "2285"]
[BlackElo "1956"]
[PlyCount "61"]
[EventDate "2008.10.17"]
[EventType "team-swiss"]
[EventRounds "7"]
[EventCountry "GRE"]
[Source "lmi"]
[SourceDate "2008.10.17"]
[WhiteTeam "LSG"]
[BlackTeam "Monaco"]
[BlackTeamCountry "MNC"]

1. d4 d6 2. c4 e5 3. Nc3 exd4 4. Qxd4 Nc6 5. Qd2 Nf6 6. b3 Be7 7. Bb2 O-O 8. g3
Bf5 9. Bg2 Qc8 10. e4 Bg6 11. Nge2 h6 12. O-O Re8 13. Rae1 Bf8 14. Nf4 Bh7 15.
f3 Ne5 16. Nfd5 Nxd5 17. Nxd5 c6 18. Ne3 Qc7 19. Qc3 f6 20. Kh1 a5 21. a3 Red8
22. Rd1 Nf7 23. Rd2 Be7 24. Rfd1 Kf8 25. Nc2 Qc8 26. Nd4 g6 27. Ne2 Bg8 28. f4
h5 29. Qf3 Nh6 30. f5 Bf7 31. fxg6 1-0

[Event "24. European Club Cup 2008"]
[Site "Kallithea GRE"]
[Date "2008.10.21"]
[Round "5.27"]
[White "Cela, Shkelqim"]
[Black "Mcdonnell, James J"]
[Result "1-0"]
[WhiteElo "2302"]
[BlackElo "2041"]
[PlyCount "55"]
[EventDate "2008.10.17"]
[EventType "team-swiss"]
[EventRounds "7"]
[EventCountry "GRE"]
[Source "lmi"]
[SourceDate "2008.10.17"]
[WhiteTeam "Butrinti"]
[BlackTeam "Belfast"]

1. e4 c5 2. Nf3 Nc6 3. d4 cxd4 4. Nxd4 Nf6 5. Nc3 d6 6. Be2 e6 7. O-O Be7 8.
Be3 O-O 9. f4 a6 10. Kh1 Bd7 11. Qe1 Nxd4 12. Bxd4 Bc6 13. Qg3 g6 14. Bf3 Nd7
15. Rad1 Qc7 16. f5 e5 17. Be3 Nf6 18. Bh6 Rfe8 19. Bg5 b5 20. Qh4 Kg7 21. Be2
Qd8 22. fxg6 hxg6 23. Rd3 b4 24. Qh6+ Kg8 25. Rh3 Nh5 26. Rxh5 gxh5 27. Rxf7
Kxf7 28. Qh7+ 1-0

[Event "24. European Club Cup 2008"]
[Site "Kallithea GRE"]
[Date "2008.10.21"]
[Round "5.28"]
[White "Upton, Timothy J"]
[Black "Ajvazi, Ramadan"]
[Result "1/2-1/2"]
[WhiteElo "2255"]
[BlackElo "2225"]
[PlyCount "36"]
[EventDate "2008.10.17"]
[EventType "team-swiss"]
[EventRounds "7"]
[EventCountry "GRE"]
[Source "lmi"]
[SourceDate "2008.10.17"]
[WhiteTeam "Bonnevoie"]
[BlackTeam "Llamkos"]

1. e4 c5 2. Nf3 Nc6 3. d4 cxd4 4. Nxd4 Nf6 5. Nc3 e5 6. Ndb5 d6 7. Bg5 a6 8.
Na3 b5 9. Nd5 Be7 10. Bxf6 Bxf6 11. c4 Nd4 12. Bd3 O-O 13. O-O Rb8 14. cxb5
axb5 15. Nc2 Nxc2 16. Bxc2 Bg5 17. Qe2 Be6 18. Rad1 Bh6 1/2-1/2